Dagoberto Godoy Fuentealba: cóndor de Los Andes

Kaydedildi:
Detaylı Bibliyografya
Yazar: Alarcón Carrasco, Héctor (Yazar)
Materyal Türü: Kitap
Dil:İspanyolca
Baskı/Yayın Bilgisi: Santiago Novum 2010
Edisyon:1a. ed
Konular:
Etiketler: Etiketle
Etiket eklenmemiş, İlk siz ekleyin!

MARC

LEADER 00000cam a2200000 a 4500
001 UCE1927
003 CL-VaPUC
008 140526e20100900cl |||||||||||||||||spa|d
020 |a 9789568742058 
082 0 4 |a 923.583  |b ALA  |2 21 
100 0 |a Alarcón Carrasco, Héctor  |e author  |9 574364 
245 1 0 |a Dagoberto Godoy Fuentealba: cóndor de Los Andes 
250 |a 1a. ed 
300 |a 198 p 
942 |c BK 
945 |d 20140526 07:41:00  |a dcastane 
260 |a Santiago  |b Novum  |c 2010 
600 0 7 |a GODOY, DAGOBERTO  |2 CL-VaPUC  |9 510101 
650 0 |a Biografías  |9 255210 
650 0 |a Militares chilenos  |9 504196 
650 7 |a AVIACION CHILENA  |2 CL-VaPUC  |9 507877 
650 7 |a HISTORIA DE LA AVIACION  |2 CL-VaPUC  |9 475081 
583 |a last modification  |c 20190809 02:17:29  |k Rodrigo Vera 
999 |c 355610  |d 355608 
952 |0 0  |1 0  |3 erb  |4 0  |6 923_583000000000000_ALA_2010  |7 0  |8 A  |9 462385  |a BIBHIS  |b BIBHIS  |i 5074673  |o 923.583 ALA 2010  |p 5074673  |r 2025-01-20  |w 2019-11-23  |y BK  |z Catalogado en:20140526  |k HIS